Réponses : approches philosophiques de la complexité en mosaïque (notice n° 1658959)
[ vue normale ]
| 000 -LEADER | |
|---|---|
| fixed length control field | 01635cam a2200217 4500500 |
| 005 - DATE AND TIME OF LATEST TRANSACTION | |
| control field | 20260208010939.0 |
| 041 ## - LANGUAGE CODE | |
| Language code of text/sound track or separate title | fre |
| 042 ## - AUTHENTICATION CODE | |
| Authentication code | dc |
| 100 10 - MAIN ENTRY--PERSONAL NAME | |
| Personal name | Chapouthier, Georges |
| Relator term | author |
| 245 00 - TITLE STATEMENT | |
| Title | Réponses : approches philosophiques de la complexité en mosaïque |
| 260 ## - PUBLICATION, DISTRIBUTION, ETC. | |
| Date of publication, distribution, etc. | 2018.<br/> |
| 500 ## - GENERAL NOTE | |
| General note | 4 |
| 520 ## - SUMMARY, ETC. | |
| Summary, etc. | Les analyses qui précèdent permettent d’esquisser deux types d’extension de la problématique soulevée. D’une part le modèle peut être étendu au langage et à la morale et comparé aux thèses de Herbert Spencer. D’autre part se dessinent aussi des « au-delà » philosophiques du modèle, qui mènent à des horizons ontologiques ou à des questionnements profonds sur la nature métaphysique du modèle proposé. |
| 520 ## - SUMMARY, ETC. | |
| Summary, etc. | The different authors who have investigated the model of complexity in mosaic formation have opened up prospects for developing two ways of extending the argument. One is to extend the model to language and moral considerations, with comparisons to the work and theses of Herbert Spencer. The other is through ideas emerging for philosophical ramifications going beyond the model and leading to ontological horizons and/or to deeper investigation of the metaphysical nature of the model proposed. |
| 690 ## - LOCAL SUBJECT ADDED ENTRY--TOPICAL TERM (OCLC, RLIN) | |
| Topical term or geographic name as entry element | Complexité en mosaïque |
| 690 ## - LOCAL SUBJECT ADDED ENTRY--TOPICAL TERM (OCLC, RLIN) | |
| Topical term or geographic name as entry element | organisme vivant |
| 690 ## - LOCAL SUBJECT ADDED ENTRY--TOPICAL TERM (OCLC, RLIN) | |
| Topical term or geographic name as entry element | Complexity in mosaic formation |
| 690 ## - LOCAL SUBJECT ADDED ENTRY--TOPICAL TERM (OCLC, RLIN) | |
| Topical term or geographic name as entry element | living organism |
| 786 0# - DATA SOURCE ENTRY | |
| Note | Revue philosophique de la France et de l'étranger | 143 | 1 | 2018-02-13 | p. 61-68 | 0035-3833 |
| 856 41 - ELECTRONIC LOCATION AND ACCESS | |
| Uniform Resource Identifier | <a href="https://shs.cairn.info/revue-philosophique-2018-1-page-61?lang=fr&redirect-ssocas=7080">https://shs.cairn.info/revue-philosophique-2018-1-page-61?lang=fr&redirect-ssocas=7080</a> |
Pas d'exemplaire disponible.




Réseaux sociaux